书目信息 |
| 题名: |
冲压零件展开尺寸计算
|
|
| 作者: | 周开华 编译 | |
| 分册: | ||
| 出版信息: | 北京 国防工业出版社 1981 |
|
| 页数: | 153页 | |
| 开本: | 25cm | |
| 丛书名: | ||
| 单 册: | ||
| 中图分类: | TG382 | |
| 科图分类: | ||
| 主题词: | 冲压--计算 | |
| 电子资源: | ||
| ISBN: | ||
| 000 | 00617nam0 2200229 45 | |
| 001 | 0181000275 | |
| 005 | 20060731082829.73 | |
| 010 | @b精装@dCNY2.75 | |
| 091 | @a15034.2110 | |
| 100 | @a19950522d1981 em y0chiy0121 ea | |
| 101 | 0 | @achi |
| 102 | @aCN@b110000 | |
| 105 | @ay z 000yy | |
| 200 | 10 | @a冲压零件展开尺寸计算@Achong ya ling jian zhan kai chi cun ji suan@f周开华编译 |
| 210 | @a北京@c国防工业出版社@d1981 | |
| 215 | @a153页@d25cm | |
| 606 | @a冲压@x计算 | |
| 690 | @aTG382@v3 | |
| 701 | 0 | @a周开华@Azhou kai hua@4编译 |
| 801 | 2 | @aCN@bNLC@c20060731 |
| 801 | 0 | @aCN@bTSSF |
| 905 | @a10447@dTG382@e6 | |
| 冲压零件展开尺寸计算/周开华编译.-北京:国防工业出版社,1981 |
| 153页;25cm |
| ISBN (精装):CNY2.75 |
| ● |
| 相关链接 |
|
|
|
|
正题名:冲压零件展开尺寸计算
索取号:TG382/6
 
预约/预借
| 序号 | 登录号 | 条形码 | 馆藏地/架位号 | 状态 | 备注 |
| 1 | 0439052 | 204390523 | 密集书库/ [索取号:TG382/6] | 在馆 |